Termine le titre du film #2 - Statistiques

Statistiques générales
  • Ce quiz a été pris 96 fois
  • Le résultat moyen est 16 sur 20
Statistiques - réponses
Hint Réponse % Correct
Hunger _ Games
100%
Les dents de la _ mer
100%
Toy _ Story
99%
Moi, _ et méchant moche
98%
_ Gump Forrest
97%
Les 101 _ dalmatiens
96%
Seul au _ monde
95%
Le diable s'habille en _ Prada
95%
Fight _ Club
91%
Vice - _ Versa
90%
La Grande _ Vadrouille
84%
La Liste de _ Schindler
83%
Avengers : Infinity _ War
78%
_ Player One Ready
67%
La petite _ Sirène
67%
Je suis une _ légende
64%
The _ Showman Greatest
54%
The kissing _ booth
52%
10 bonnes raisons de te _ larguer
39%
27 _ robes
25%
Aucun quiz correspondant
Distribution des résultats
% des personnes avec chaque résultat
Percentile par nombre de réponses
Votre historique - résultats
Vous n’avez pas pris ce quiz